[Event "3rd Kolkata GM Open 2018"]
[Site "Kolkata"]
[Date "2018.05.20"]
[Round "7"]
[White "Narayanan, Srinath"]
[Black "Karthikeyan, Murali"]
[Result "1-0"]
[WhiteElo "2525"]
[BlackElo "2617"]
[Annotator "TA"]
[PlyCount "93"]
[EventDate "2018.??.??"]
[EventType "swiss"]
[EventCountry "IND"]
[SourceTitle "playchess.com"]
[Source "ChessBase"]
[SourceQuality "1"]

{[%evp 19,93,51,56,50,65,44,44,24,81,81,85,81,124,53,53,13,21,0,0,-60,-56,-25,-32,-91,-93,-95,-77,-81,-61,-111,-109,-93,-105,-130,-130,-256,-252,-226,-239,-250,-254,-241,-241,-230,-148,-151,-141,-157,-103,-250,-77,-77,-39,-495,-495,-481,-465,-480,-473,-514,-503,-568,-568,-566,-566,-477,0,-551,-419,-407,259,257,29992,29991,29993,29994]} 1. d4 Nf6 2. c4 e6 3. Nf3 c5 4. d5 b5 5. Bg5 exd5 6. cxd5 h6 7. Bxf6 Qxf6 8. Qc2 d6 9. e4 a6 10. a4 b4 {LiveBook: 46 Partien. E10: Blumenfeld-Gambit} 11. Nfd2 (11. Nbd2 Bg4 12. e5 dxe5 13. Ne4 Qf4 14. Nfd2 Bf5 15. Bd3 Bxe4 16. Nxe4 Nd7 17. d6 f5 18. g3 Qf3 19. O-O {1-0 (27) Rodshtein,M (2673)-Tazbir,M (2517) Germany 2016}) 11... g6 12. Nc4 Nd7 {Weiß steht etwas besser.} 13. Nbd2 Qe7 $146 (13... h5 $11 {bleibt in der Remisbreite.}) ({Vorgänger:} 13... Bg7 14. Bd3 O-O 15. O-O Ne5 16. f4 Nxd3 17. Qxd3 Qd4+ 18. Qxd4 Bxd4+ {½-½ (41) Goncalves,J (2504)-Valverde Toresano,A (2291) IECG email 1996}) 14. Bd3 $16 Bg7 15. O-O g5 16. Rfe1 ({Besser ist} 16. f4 $16) 16... O-O $14 17. Nf1 Rb8 18. Ng3 {Und Sf5 würde nun gewinnen.} Ne5 19. Rad1 (19. Nxe5 $11 Bxe5 20. Qe2) 19... b3 $1 $15 {[%cal Rb3c2]} 20. Qe2 Rb4 21. a5 (21. Rb1 $15) 21... Bg4 $1 $36 {[%cal Rg4e2][%mdl 2048] Schwarz bestimmt, wo es lang geht.} 22. f3 Nxc4 23. Bxc4 Bd7 24. Rd2 Rfb8 25. Ra1 Qd8 26. Bxa6 Ra8 $1 27. Ra3 (27. Rdd1 $17) 27... c4 $19 28. Bxc4 Rxa5 29. Rxa5 Qxa5 30. Bd3 Ra4 {[%mdl 1024] Schwarz hat starke Kompensation.} 31. Nf1 Ra1 32. g4 Be5 33. Kg2 {[#]} Qc5 (33... Rc1 $142 $1 34. Ng3 Qc5) 34. Rd1 {[#]} (34. Qf2 $17 {war nötig.}) 34... Ra2 $2 (34... Bxb2 $1 $19 {[%mdl 512] ist viel giftiger. Droht ...Lc1 und aus.} 35. Rxa1 (35. Qxb2 Ra2) 35... Bxa1) 35. Rb1 $17 Qd4 (35... Bb5 $5 36. Bxb5 Bxb2 $17) 36. Nd2 $2 {[%mdl 8192]} (36. Kh1 $15) 36... Rxb2 $19 37. Rxb2 Qxb2 38. Nc4 Qc1 ({Schwächer ist} 38... Qxe2+ 39. Bxe2 b2 40. Bd3 $17) 39. Nxe5 dxe5 40. Qf1 b2 {...Dxf1+ ist eine echte Drohung.} 41. Bb1 Ba4 {Weiss muss nun ...Lc2 beachten.} 42. Qd3 Bd7 $2 (42... Kg7 $19 {Und weiter mit ...Lb5! wäre nett.} 43. Ba2 Qe1) 43. d6 $2 {[%mdl 8192]} (43. Qf1 $1 $11 {und Weiss steht sicher.} h5 44. h3) 43... Kf8 44. Ba2 {Weiss hofft, mit Dd5 fortzusetzen.} Be6 $4 {[%mdl 8192]} (44... Kg7 $19 {und alles wird gut. Droht stark ...Le6.} 45. Qd5 Qf4) 45. d7 $18 Bxa2 $2 (45... Bxd7 $18 46. Qxd7 Qf4 47. Qc8+ Kg7) 46. d8=Q+ Kg7 47. Q3d6 {Precision: Weiß = 30%, Schwarz = 59%.} 1-0

[Event "3rd Kolkata GM Open 2018"]
[Site "Kolkata"]
[Date "2018.05.20"]
[Round "7"]
[White "Deepan Chakkravarthy J"]
[Black "Sandipan, Chanda"]
[Result "1/2-1/2"]
[WhiteElo "2516"]
[BlackElo "2573"]
[Annotator "TA"]
[PlyCount "47"]
[EventDate "2018.??.??"]
[EventType "swiss"]
[EventCountry "IND"]
[SourceTitle "playchess.com"]
[Source "ChessBase"]
[SourceQuality "1"]

{[%evp 15,47,11,19,17,31,32,31,31,31,25,29,31,31,22,33,26,31,31,31,31,38,35,40,36,36,35,39,0,0,0,34,0,0,0]} 1. d4 f5 2. Nc3 Nf6 3. Bg5 d5 4. Bxf6 exf6 5. e3 Be6 6. Bd3 Nc6 7. a3 Qd7 {A80: Holländische Verteidigung} 8. Nge2 Bd6 {LiveBook: 5 Partien} 9. O-O O-O 10. b3 Na5 11. Nf4 Bxf4 12. exf4 b6 13. Ba6 $146 ({Vorgänger:} 13. Re1 Bf7 14. Qd2 Nb7 15. a4 Nd6 16. f3 a5 {½-½ (16) Sanikidze,T (2549)-Zherebukh,Y (2629) Haguenau 2013}) 13... c6 14. Re1 Rfe8 15. a4 Qd6 16. g3 Bf7 17. Qd3 Re7 18. Rxe7 Qxe7 19. Kf1 ({Viel schwächer wäre} 19. Qxf5 Bg6 $17) 19... Re8 20. Qd2 Qb4 21. Ne4 Qe7 22. Nc3 Qb4 23. Ne4 Qe7 24. Nc3 {Precision: Weiß = 57%, Schwarz = 65%.} 1/2-1/2

[Event "3rd Kolkata GM Open 2018"]
[Site "Kolkata"]
[Date "2018.05.20"]
[Round "7"]
[White "Tran, Tuan Minh"]
[Black "Sekar, B."]
[Result "1-0"]
[WhiteElo "2512"]
[BlackElo "2304"]
[Annotator "TA"]
[PlyCount "113"]
[EventDate "2018.??.??"]
[EventType "swiss"]
[EventCountry "IND"]
[SourceTitle "playchess.com"]
[Source "ChessBase"]
[SourceQuality "1"]

{[%evp 19,113,0,0,6,0,0,0,-8,-5,-39,-10,-5,0,0,4,0,20,-16,26,-16,-22,-20,-12,-18,-16,-62,-52,-51,-54,-69,-66,-62,-62,-76,-69,-172,-160,-182,-172,-254,-147,-204,-112,-113,-91,-107,-94,-123,-100,-133,-138,-134,-77,-74,-77,-97,-92,-99,-78,-76,-74,-69,-36,-72,-75,-91,16,22,19,16,20,9,216,64,237,241,233,250,245,245,213,217,377,281,488,471,677,697,830,830,830,825,795,775,5022,4810]} 1. d4 Nf6 2. Bg5 d5 3. Bxf6 exf6 4. e3 Bd6 5. g3 O-O 6. Bg2 {D00: 1 d4 d5: Unusual lines} c6 7. Nd2 Nd7 (7... Be6 8. Ne2 Nd7 9. O-O f5 10. Rc1 Nf6 11. c4 dxc4 12. Nxc4 Bd5 13. Bxd5 Nxd5 {½-½ (22) Safarli,E (2657)-Iturrizaga Bonelli,E (2641) Berlin 2015}) 8. Ne2 f5 9. c4 dxc4 10. Nxc4 Bc7 {LiveBook: 5 Games} 11. O-O Nf6 12. Nc3 Be6 13. Qd3 Qe7 $146 14. Rab1 a5 15. a3 a4 16. Nd2 Ba5 17. Nc4 Rfd8 18. Rfd1 h5 19. Nd2 {[#]} h4 $1 {[%mdl 512]} 20. Qc2 (20. gxh4 Bc7) 20... hxg3 21. hxg3 Ng4 22. Nxa4 Ba2 $1 23. Nf1 Bxb1 24. Rxb1 g6 $36 {[%mdl 2048] White is under pressure.} 25. b4 Bc7 26. Nc5 Rxa3 27. b5 (27. Nxb7 $15 Bxg3 28. Nxg3 Qxb7 29. b5) 27... cxb5 28. Nxb7 Rda8 29. Rc1 {[#]} (29. Qc5 $142 Qxc5 30. Nxc5) 29... Bd8 ({Black should play} 29... Bxg3 $1 $19 {[%mdl 512]} 30. fxg3 (30. Nxg3 Qh4) 30... Nxe3) 30. Qc6 (30. Nc5 $17) 30... Ra2 (30... Rb8 $19 31. Nc5 Nf6) 31. Bd5 $17 {Black must now prevent Qxg6+.} R2a6 32. Qxb5 Rb6 33. Qc5 Rb8 34. Qxe7 Bxe7 35. Na5 Bd6 (35... Rb1 $142 36. Rxb1 Rxb1) 36. Nc4 Ra6 37. Nfd2 Nf6 38. Bf3 Kf8 39. Kg2 Ke7 40. Rc2 Ra7 41. Bc6 Rc7 42. d5 Ne8 (42... Ne4 $17 43. Nxd6 Nxd6) 43. e4 $11 f6 44. exf5 gxf5 45. Nf3 {Hoping for Re2+.} Rbc8 $2 (45... Bc5 $11) 46. Nd4 $2 (46. Re2+ $18 Be5 47. Nfxe5 (47. Ncxe5 fxe5 48. Rxe5+ Kf8 $18) 47... fxe5 48. Rxe5+ Kf8 49. Rxf5+ Kg7 50. Rg5+ Kh7 51. f4) 46... Be5 $2 ({Better is} 46... Bc5 $1 $14 47. Nb5 (47. Nxf5+ Kf8 $16) 47... Rxc6 48. dxc6 Rxc6) 47. Nxf5+ $18 Kf8 48. f4 Ba1 49. Nb6 Rd8 {[#]} 50. Rc1 $1 {[%cal Rc1a1]} Bb2 $2 (50... Ra7 {was worth a try.} 51. Rh1 Kg8) 51. Rb1 Bc3 $2 (51... Ba3 52. Nd4 Re7) 52. Na4 {White is clearly winning.} Bd2 (52... Ba5 $142 53. Nc5 Rxc6 54. dxc6 Kf7 55. Rb7+ Bc7) 53. Nc5 Rxc6 54. dxc6 {Threatens to win with Ne6+.} Rd5 55. Ne6+ Kf7 56. Nfd4 Nd6 {[#]} 57. Rb7+ $1 {Precision: White = 55%, Black = 40%.} 1-0

[Event "3rd Kolkata GM Open 2018"]
[Site "Kolkata"]
[Date "2018.05.20"]
[Round "7"]
[White "Neverov, Valeriy"]
[Black "Raghunandan, Kaumandur Srihari"]
[Result "1/2-1/2"]
[WhiteElo "2496"]
[BlackElo "2400"]
[Annotator "TA"]
[PlyCount "60"]
[EventDate "2018.??.??"]
[EventType "swiss"]
[EventCountry "IND"]
[SourceTitle "playchess.com"]
[Source "ChessBase"]
[SourceQuality "1"]

{[%evp 26,60,21,0,24,0,9,-3,14,12,33,-14,0,-27,-41,-31,-39,-27,-23,-45,-36,-41,0,-4,0,0,0,0,0,-44,-48,-37,-47,-45,-10,-15,-7]} 1. d4 Nf6 2. c4 g6 3. Nf3 Bg7 4. g3 O-O 5. Bg2 d6 6. O-O Nbd7 7. Qc2 e5 8. Rd1 Qe7 9. Nc3 c6 10. e4 Nb6 11. dxe5 dxe5 12. b3 Bg4 13. a4 {[%cal Ba2a4,Ba4a5][%mdl 32] E68: King's Indian: Fianchetto: 6...Nbd7 7 0-0 e5 8 e4} Rfd8 14. Ba3 {LiveBook: 4 Games} Qe8 15. a5 {White has an edge.} Nbd7 16. Na4 Bf8 17. c5 Nh5 {[%cal Bf6h5,Bh5g7,Bg7e6,Be6g5,Bg5e4][%mdl 32]} 18. a6 $146 ({Predecessor:} 18. Bb2 Ng7 19. Rxd7 Bxd7 20. Nxe5 Be6 {0-1 (40) Karthikeyan,P (2473)-Karthikeyan,M (2592) Hanoi 2018}) 18... bxa6 19. h3 (19. Bb4 {seems wilder.} Ng7 20. Ba5 Rdb8 21. b4 Ne6 22. Qc4) 19... Bxf3 20. Bxf3 Ng7 21. Be2 a5 22. Qc3 Ne6 23. Qxa5 Ng5 24. h4 Nxe4 25. Bf3 $36 {[%mdl 2048] White has the initiative.} f5 26. Bxe4 fxe4 27. Re1 Nf6 28. Bc1 Qf7 {Threatens to win with ...Rab8.} 29. Nc3 Rd4 {Black wants to play ...Rb8.} ({Reject} 29... Qxb3 $6 30. Bg5 $14) 30. Be3 Rd3 {Precision: White = 43%, Black = 57%.} 1/2-1/2

[Event "3rd Kolkata GM Open 2018"]
[Site "Kolkata"]
[Date "2018.05.20"]
[Round "7"]
[White "Rahman, Ziaur"]
[Black "Gomes, Mary Ann"]
[Result "1-0"]
[WhiteElo "2495"]
[BlackElo "2290"]
[Annotator "TA"]
[PlyCount "88"]
[EventDate "2018.??.??"]
[EventType "swiss"]
[EventCountry "IND"]
[SourceTitle "playchess.com"]
[Source "ChessBase"]
[SourceQuality "1"]

{[%evp 22,88,31,46,43,40,49,52,55,65,64,33,23,27,38,35,30,32,63,57,83,83,72,72,89,83,104,101,119,75,83,78,93,93,93,93,91,93,91,87,108,108,108,97,112,114,99,102,171,164,273,273,269,245,267,183,183,152,166,84,84,84,729,696,666,659,643,639,635]} 1. d4 g6 2. e4 Bg7 3. Nf3 d6 4. Bd3 Nf6 5. O-O O-O 6. Re1 c5 7. c3 {[%cal Bc2c3,Bc3d4][%mdl 32]} Bg4 {B07: Pirc Defence: Miscellaneous Systems} 8. Nbd2 cxd4 (8... Nfd7 9. h3 Bxf3 10. Nxf3 Nc6 11. Be3 a6 12. Qd2 Rc8 13. Rac1 b5 14. b4 Qc7 15. a3 {½-½ (55) Van Foreest,J (2629)-Kokarev,D (2615) Riadh 2017}) 9. cxd4 Nc6 10. h3 Bxf3 11. Nxf3 Nd7 12. Be3 {LiveBook: 7 Games} e5 {[%cal Re5d4]} 13. Bf1 {[%cal Bd3f1,Bf1c4,Bc4d5][%mdl 32]} exd4 14. Nxd4 Nxd4 $146 ({Predecessor:} 14... Nf6 15. Qa4 Re8 16. f3 Nxd4 17. Bxd4 {1-0 (58) Hoelzl,F (2381)-Klundt,K (2366) Jenbach 2001}) 15. Bxd4 Be5 16. Re3 Nc5 17. Bc4 Qf6 18. Rf3 Qe7 19. Bd5 Ne6 20. Be3 $1 Ng5 21. Bxg5 $1 Qxg5 22. Qa4 Rac8 {[#] ...Rc1+ is the strong threat.} 23. g3 Rc7 24. Qxa7 Kg7 25. Qa4 Qd2 26. Qd1 Qxb2 27. Rb1 Qd4 28. Qxd4 Bxd4 29. Rxb7 Rxb7 30. Bxb7 f5 31. exf5 Rxf5 32. Rxf5 gxf5 $16 {[%mdl 4096] Endgame KB-KB} 33. Kg2 Kf6 34. f4 Bc3 (34... Ke6 $16) 35. Kf3 h5 (35... h6 $142 36. g4 Bd2) 36. Ke2 $18 Bb4 37. a4 Ba5 38. Bf3 Kg6 39. Kd3 Be1 40. g4 ({White should try} 40. Be2 $18) 40... hxg4 $16 41. hxg4 fxg4 $2 {[%mdl 8192]} (41... Ba5 $16) 42. Bxg4 $18 {White is clearly winning.} Kf6 43. Kd4 Bd2 {[#]} 44. f5 $1 Ba5 {Precision: White = 67%, Black = 38%.} 1-0

[Event "3rd Kolkata GM Open 2018"]
[Site "Kolkata"]
[Date "2018.05.20"]
[Round "7"]
[White "Harsha Bharathakoti"]
[Black "Ravi, Teja S"]
[Result "1/2-1/2"]
[WhiteElo "2463"]
[BlackElo "2338"]
[Annotator "TA"]
[PlyCount "60"]
[EventDate "2018.??.??"]
[EventType "swiss"]
[EventCountry "IND"]
[SourceTitle "playchess.com"]
[Source "ChessBase"]
[SourceQuality "1"]

{[%evp 19,60,48,31,38,28,25,39,0,0,0,27,16,48,22,22,29,23,23,31,41,29,30,27,28,31,10,14,0,24,0,14,0,41,0,13,0,39,0,17,0,44,0,23]} 1. d4 d5 2. c4 c6 3. Nf3 Nf6 4. e3 Bf5 5. Nc3 a6 6. Ne5 {D15: Slav Defence: 4 Nc3 a6 and gambit lines after 4 Nc3 dxc4} (6. Qb3 Ra7 7. Nh4 Bc8 8. Qc2 e6 9. Nf3 Be7 10. e4 dxe4 11. Nxe4 Nbd7 12. Bd3 Nxe4 13. Bxe4 Nf6 14. Bd3 {1-0 (34) Ding,L (2778)-Shankland,S (2671) Liaocheng 2018}) 6... Nbd7 7. Qb3 Qc7 8. cxd5 Nxe5 9. dxe5 Nxd5 10. Nxd5 cxd5 {LiveBook: 44 Games} 11. Bd2 Qxe5 12. Be2 Bd7 13. Qxb7 Rb8 {[#]} 14. Qa7 $146 Qxb2 15. O-O f6 16. Bxa6 {And now Ba5 would win.} (16. a4 {is interesting.} Qb6 17. Qxa6 Qxa6 18. Bxa6 e6 19. a5) 16... Qb6 $1 {[%cal Rb6a7]} 17. Qxb6 Rxb6 18. Bd3 e6 19. Rfb1 Bc5 20. Rxb6 Bxb6 21. Rb1 Bc7 $1 22. Rc1 Bb6 23. Rb1 Bc7 $1 24. Rc1 Bb6 25. Rb1 Bc7 $1 26. Rc1 Bb6 27. Rb1 Bc7 $1 28. Rc1 Bb6 29. Rb1 Bc7 $1 30. Rc1 Bb6 {Precision: White = 23%, Black = 73%.} 1/2-1/2

[Event "3rd Kolkata GM Open 2018"]
[Site "Kolkata"]
[Date "2018.05.20"]
[Round "7"]
[White "Nguyen, Van Huy"]
[Black "Sangma, Rahul"]
[Result "1/2-1/2"]
[WhiteElo "2462"]
[BlackElo "2295"]
[Annotator "TA"]
[PlyCount "145"]
[EventDate "2018.??.??"]
[EventType "swiss"]
[EventCountry "IND"]
[SourceTitle "playchess.com"]
[Source "ChessBase"]
[SourceQuality "1"]

{[%evp 16,145,22,16,28,0,6,3,0,-11,-13,-20,0,0,0,-6,-19,-22,-5,-18,-14,-48,-47,-38,-37,-51,-44,-98,-110,-105,-110,-110,-110,-97,-103,-100,-59,-51,-64,-64,-57,-54,-50,-80,-35,-80,-82,-91,-76,-69,-55,-48,-19,-93,-46,-121,-90,-183,-48,-101,-85,-212,-62,-63,-60,-72,-70,-69,-69,-69,-62,-85,-75,-70,-55,-85,-85,-85,0,-155,-140,-140,-140,-140,-140,-176,-85,-85,0,0,0,0,0,0,0,0,0,0,0,0,0,0,0,0,0,0,0,0,0,0,0,0,0,0,0,0,0,0,0,0,0,0,0,0,0,0,0,0,0,0,0,0]} 1. d4 Nf6 2. c4 e6 3. g3 Bb4+ 4. Nd2 Nc6 5. Ngf3 d6 (5... O-O 6. Bg2 Re8 7. O-O Bf8 8. e4 d6 9. e5 Nd7 10. Qe2 Nc5 11. Nb3 Bd7 12. Re1 h6 13. Be3 {½-½ (13) Fressinet,L (2705)-Tregubov,P (2600) Paris 2015}) 6. Bg2 {E00: Catalan Bogo-Indian (3 g3 Bb4+)} a5 7. O-O e5 8. a3 Bxd2 9. Qxd2 {LiveBook: 5 Games} e4 10. Ne1 $146 ({Predecessor:} 10. Ng5 d5 11. cxd5 Qxd5 12. Qe3 Bf5 13. f3 Qxd4 14. Qxd4 Nxd4 15. fxe4 {½-½ (45) Zhukova,N (2456)-Gaponenko,I (2448) Odessa 2006}) 10... d5 11. cxd5 Qxd5 12. Nc2 O-O 13. Qg5 Qc4 14. Qc5 $1 {[%cal Rc5c4]} Qxe2 15. Bg5 Nd7 16. Qc3 Qh5 17. Bf4 Nf6 $36 {[%mdl 2048] White is under pressure.} 18. Ne3 Bh3 19. Bxh3 Qxh3 20. Rfd1 Ne7 21. Qxc7 (21. Qc5 $15 Ng6 22. Bxc7) 21... Ned5 $17 22. Nxd5 Nxd5 23. Qe5 Nf6 $1 {[%cal Rf6g4]} 24. Qg5 h6 ({Reject} 24... Ng4 $6 25. Qh4 $11) 25. Qh4 Qxh4 (25... Qf5 {keeps more tension.} 26. Bd2 b6 27. Qf4 Qh3 28. Qh4 Qe6) 26. gxh4 Nd5 27. Bg3 Rac8 28. Rac1 b6 29. Kf1 h5 30. Ke2 Rfe8 31. Re1 f6 {[%cal Bf7f6,Bf6f5][%mdl 32]} 32. Kd2 f5 33. Be5 Kf7 34. b3 (34. Ke2 $1 $11) 34... g6 35. Rg1 (35. Ke2 $15) 35... Red8 36. a4 (36. Rgf1 $17) 36... Ne7 ({Black should try} 36... Nb4 $1 $19 37. Rc4 Rxc4 38. bxc4 Nc6) 37. Rxc8 (37. Ke3 $1 $15) 37... Rxc8 $15 {[%mdl 4096] Endgame KRB-KRN} 38. f3 (38. Bf4 $17) 38... e3+ (38... exf3 $19 39. Rf1 Nc6 40. Rxf3 Nxe5 41. dxe5 Ke6) 39. Kxe3 Nd5+ 40. Kd2 Rc3 41. Rc1 $1 {[%cal Rc1c3]} Rxf3 42. Rc6 $1 {next Rd6 is good for White.} Rxb3 43. Rd6 {[#]} Ne3 $1 {[%cal Re3c4]} 44. Rf6+ Ke7 {...Nc4+ is the strong threat.} 45. Rxg6 Nc4+ 46. Kc2 {[#]} Nxe5 (46... Rb2+ $1 $17 47. Kc3 Nxe5 48. Rg7+ Kf8) 47. dxe5 $2 $17 {KR-KR} ({Only move:} 47. Rg7+ $11 Kf6 48. Kxb3 Kxg7 49. dxe5) 47... Rb4 48. Kd3 Rxa4 {Hoping for ...Rb4.} 49. Rxb6 Rxh4 50. Ra6 a4 (50... Rh3+ $19 {is more deadly.} 51. Kd4 a4 52. Ra7+ Ke6 53. Ra6+ Kf7) 51. Ke3 Rxh2 (51... Re4+ $17 52. Kd3 h4) 52. Kf4 $11 {The position is equal.} Rf2+ 53. Kg5 h4 54. Kxh4 Rg2 55. Rxa4 Ke6 56. Kh3 Rg1 57. Ra5 f4 58. Kh2 Rg3 59. Rb5 Rg7 60. Ra5 Rg8 61. Rb5 Kf5 62. Ra5 Rb8 63. Kg2 Rb2+ 64. Kf3 Rb3+ 65. Kg2 Kg4 66. Ra2 Rh3 67. Ra4 Rg3+ 68. Kf2 Rb3 69. Re4 Rf3+ 70. Kg2 {Strongly threatening e6.} Ra3 {White must now prevent ...Ra2+.} 71. Kf2 Ra2+ 72. Re2 Rxe2+ 73. Kxe2 {Precision: White = 59%, Black = 64%.} 1/2-1/2

[Event "3rd Kolkata GM Open 2018"]
[Site "Kolkata"]
[Date "2018.05.20"]
[Round "7"]
[White "Laxman, R.R"]
[Black "Ojas Kulkarni"]
[Result "1-0"]
[WhiteElo "2444"]
[BlackElo "2251"]
[Annotator "TA"]
[PlyCount "89"]
[EventDate "2018.??.??"]
[EventType "swiss"]
[EventCountry "IND"]
[SourceTitle "playchess.com"]
[Source "ChessBase"]
[SourceQuality "1"]

{[%evp 19,89,18,8,-20,-20,-22,-22,-18,0,-17,-6,-28,-25,-32,-26,-37,-14,-27,-15,-25,0,0,0,0,0,-2,-1,-6,-6,-6,35,66,87,87,87,87,87,87,135,110,128,118,110,101,101,101,102,102,102,102,102,102,102,102,102,102,102,102,102,102,102,92,92,92,204,77,219,219,178,178,29985,29986]} 1. d4 Nf6 2. Nf3 g6 3. c4 Bg7 4. Nc3 d5 5. cxd5 Nxd5 6. Bd2 Nb6 7. e3 O-O 8. Rc1 Nc6 9. Bb5 e5 {D90: Grünfeld: 4 Nf3 Bg7 sidelines} 10. Bxc6 exd4 {LiveBook: 14 Games} 11. Be4 (11. exd4 {seems wilder.} bxc6 12. O-O Bg4 13. Be3 Re8 14. h3) 11... dxc3 {The position is equal.} 12. Bxc3 Qxd1+ 13. Kxd1 {Strongly threatening Bxg7.} Re8 {Hoping for ...Bxc3.} 14. Bxg7 Kxg7 {[#]} 15. Nd2 $146 ({Predecessor:} 15. Bb1 c6 16. Nd4 Re5 {½-½ (16) Gleizerov,E (2545)-Nielsen,P (2649) Koge 2013}) 15... c6 16. Ke2 Be6 17. Bb1 Rad8 18. Rhd1 Nd5 19. Ne4 Bf5 (19... Bc8 {looks sharper.} 20. a3 f5 21. Ng5 f4 22. e4 h6) 20. Nc5 {Threatens to win with Bxf5.} Bxb1 21. Rxb1 b6 22. Nd3 c5 23. Rbc1 f5 24. g3 Rd6 {[#]} 25. b4 $1 {[%mdl 512]} cxb4 {[#]} 26. Nxb4 $1 {[%mdl 512]} Red8 (26... Nxb4 27. Rc7+) 27. Nxd5 Rxd5 $16 {[%mdl 4096] Endgame KRR-KRR} 28. Rc7+ Kh6 29. Rxd5 Rxd5 30. Rxa7 {KR-KR} Rb5 31. h4 Rb2+ 32. Kf3 b5 33. a3 b4 34. axb4 Rxb4 35. Rd7 Rb2 36. Rf7 Rb4 37. Re7 Rb2 38. Kg2 Ra2 39. Rf7 Rb2 40. g4 fxg4 41. Kg3 g5 {[#]} (41... Rb4 $16 {was necessary.} 42. Rf4 Rb1) 42. hxg5+ ({Don't take} 42. Kxg4 $6 Rb4+ 43. f4 Kg6 $16) (42. Rf5 $1 $18 {is the precise move to win.}) 42... Kxg5 {[#]} (42... Kg6 $16 43. Rc7 Kxg5) 43. Rg7+ $1 $18 ({Much less strong is} 43. Rxh7 $6 Rb1) 43... Kf5 44. Rxg4 Rxf2 $2 (44... h5 $18 45. Rg8 Rb1) 45. e4+ {Precision: White = 57%, Black = 41%.} ({Inferior is} 45. Kxf2 Kxg4 46. Kg2 h6 $11) 1-0

[Event "3rd Kolkata GM Open 2018"]
[Site "Kolkata"]
[Date "2018.05.20"]
[Round "7"]
[White "Gukesh D"]
[Black "Nguyen, Phuoc Tam"]
[Result "0-1"]
[WhiteElo "2426"]
[BlackElo "2210"]
[Annotator "TA"]
[PlyCount "76"]
[EventDate "2018.??.??"]
[EventType "swiss"]
[EventCountry "IND"]
[SourceTitle "playchess.com"]
[Source "ChessBase"]
[SourceQuality "1"]

{[%evp 13,76,45,54,63,98,9,14,6,10,15,37,-51,-22,-108,-121,-130,-112,-118,-106,-104,-54,-177,-29,-117,-114,-113,-71,-83,-86,-127,-155,-126,-145,-160,-148,-140,-15,-351,-324,-579,-615,-594,-686,-691,-689,-672,-672,-649,-622,-785,-785,-1703,-923,-29984,-1147,-29981,-29980,-29987,-29985,-29990,-29991,-29995,-29987,-29987,-29988]} 1. e4 g6 2. d4 Bg7 3. Nc3 d6 4. Be3 a6 5. h4 h5 6. Nf3 {B06: Moderne Verteidigung} (6. Qd2 Nd7 7. Nh3 c5 8. O-O-O cxd4 9. Bxd4 Ngf6 10. Ng5 b5 11. f3 Bb7 12. Kb1 Rc8 13. Be2 Nb6 14. Rhe1 Nc4 15. Bxc4 Rxc4 16. Bxf6 exf6 {½-½ (70) Movsesian,S (2647)-Adhiban,B (2655) Riadh 2017}) 6... b5 7. Ng5 Bb7 {LiveBook: 4 Partien} 8. a4 {Weiß steht etwas besser.} b4 9. Nd5 (9. Na2 $16) 9... Bxd5 $1 $11 10. exd5 Nf6 11. Bd3 $146 ({Vorgänger:} 11. Bc4 O-O 12. Qf3 Qd7 13. O-O {1-0 (49) Milliet,S (2369)-Rothe,G (2171) Reykjavik 2011}) 11... Qc8 12. Rh3 (12. O-O $14) 12... Nbd7 $15 13. Ne6 (13. Rg3 $11 {bleibt in der Remisbreite.}) 13... fxe6 $17 14. Bxg6+ Kd8 15. dxe6 Nf8 16. Bf5 Qb7 17. Qd3 ({Besser ist} 17. Kf1 $15) 17... Qd5 (17... Qxg2 $19 {Und ...Sg4 würde nun gewinnen.} 18. O-O-O Qd5) 18. c4 (18. Kf1 $11) 18... bxc3 $1 19. bxc3 Bh6 {...Lxe3 ist eine echte Drohung.} (19... Nxe6 $6 20. c4 $11) 20. Kf1 Bxe3 21. fxe3 Rg8 ({Und nicht} 21... Nxe6 22. c4 $11) 22. e4 Qb3 23. Qf3 {Mit der Idee e5.} Rb8 ({Lieber nicht} 23... Nxe6 24. e5 $16) 24. e5 {[#]} Nd5 (24... Ng4 $1 $17 25. Re1 dxe5) 25. Kg1 $2 {[%mdl 8192] [#]} (25. Be4 $1 $11 Qxc3 26. Qxc3 Nxc3 27. Rxc3) 25... Ne3 $1 $19 {[%mdl 512] Droht ...Db2 und aus.} 26. Rg3 $2 (26. Kh1 {ist wohl besser.} Nxf5 27. Qxf5 Qxe6 28. Rf3) (26. Qxe3 Qb2) 26... Rxg3 27. Qxg3 Qxc3 ({Nicht} 27... Nxf5 28. Qg8 $17) 28. Re1 Rb3 29. Bh3 Kc8 30. exd6 cxd6 31. Qf2 Ng6 32. Qe2 Kb8 33. g3 Qxd4 (33... Ng4 $142 34. Rf1 Qxg3+ 35. Qg2 Qe3+ 36. Kh1 Nxh4 37. Rf8+ Kc7 38. Rc8+ Kxc8 39. Qc6+ Kb8 40. Qe8+ Ka7 41. Qd7+ Rb7 42. Qxb7+ Kxb7 43. Bg2+ Nxg2 44. d5 Nf4 45. a5 Qe1#) 34. Kh1 Ne5 {Schwarz setzt Matt.} 35. Bg2 Nxg2 36. Qxg2 Rb2 37. Qe4 Qxe4+ 38. Rxe4 Nf3 {Precision: Weiß = 26%, Schwarz = 45%.} 0-1

[Event "3rd Kolkata GM Open 2018"]
[Site "Kolkata"]
[Date "2018.05.20"]
[Round "7"]
[White "Rahul Srivatshav P"]
[Black "Shyam, Sundar M"]
[Result "0-1"]
[WhiteElo "2402"]
[BlackElo "2518"]
[Annotator "TA"]
[PlyCount "52"]
[EventDate "2018.??.??"]
[EventType "swiss"]
[EventCountry "IND"]
[SourceTitle "playchess.com"]
[Source "ChessBase"]
[SourceQuality "1"]

{[%evp 21,52,24,24,24,14,19,35,27,31,10,10,10,10,12,6,-36,-28,-32,-37,-32,-36,-33,-43,-72,-72,-45,-33,-151,-133,-667,-653,-647,-635]} 1. d4 Nf6 2. c4 e6 3. Nc3 Bb4 4. e3 O-O 5. Nge2 Re8 6. a3 Bf8 7. Ng3 d5 8. Be2 {[%cal Bf1e2,Be2h5,Bh5f3][%mdl 32] E46: Nimzoindisch (Rubinstein-System)} b6 9. cxd5 exd5 10. O-O c5 (10... Bb7 11. b4 Nbd7 12. Qb3 c6 13. Bf3 a5 14. b5 c5 15. Nxd5 a4 {½-½ (53) Shankland,S (2671)-Ding,L (2778) Liaocheng 2018}) 11. dxc5 bxc5 {LiveBook: 3 Partien} 12. Nh5 Nxh5 13. Bxh5 Bb7 14. Bf3 Re5 15. Qb3 Bc6 16. Rd1 $146 {[%cal Rc3d5]} d4 17. exd4 cxd4 18. Bf4 Bxf3 19. Bxe5 Qg5 {[%csl Gf3][%cal Rg5g2] [#]} 20. Bg3 Bxd1 $40 {[%mdl 128] Schwarz greift an.} 21. Nxd1 Nd7 {[%cal Bb8d7,Bd7c5,Bc5b3][%mdl 32]} 22. f3 Nc5 23. Qc4 a5 24. f4 (24. Nf2 $15) 24... Qe7 $17 25. Qxd4 $2 {[%mdl 8192] [#]} (25. f5 $17) 25... Nb3 $19 26. Qd5 Qc5+ {Precision: Weiß = 28%, Schwarz = 79%.} 0-1